Family therapy basics /

Bibliographic Details
Main Author: Worden, Mark, 1947-
Format: Book
Language:English
Published: Pacific Grove : Brooks/Cole, [1999]
Edition:2nd ed.
Subjects:

MARC

Tag First Indicator Second Indicator Subfields
LEADER 00000cam a2200000 a 4500
001 in00001484607
005 20151021071906.0
008 980325s1999 caua b 001 0 eng
010 |a  98017047  
015 |a GB99-40724 
020 |a 0534357695 (alk. paper) 
035 |a (OCoLC)38959601 
035 |9 AJH2941AM 
040 |a DLC  |c DLC  |d UKM  |d TXA  |d UtOrBLW 
049 |a TXAM 
050 0 0 |a RC488.5  |b .W67 1999 
082 0 0 |a 616.89/156  |2 21 
100 1 |a Worden, Mark,  |d 1947- 
245 1 0 |a Family therapy basics /  |c Mark Worden. 
250 |a 2nd ed. 
264 1 |a Pacific Grove :  |b Brooks/Cole,  |c [1999] 
264 4 |c ©1999 
300 |a xii, 184 pages :  |b illustrations ;  |c 24 cm. 
336 |a text  |b txt  |2 rdacontent 
337 |a unmediated  |b n  |2 rdamedia 
338 |a volume  |b nc  |2 rdacarrier 
504 |a Includes bibliographical references (pages [171]-176) and index. 
650 0 |a Family psychotherapy. 
650 4 |a Family psychotherapy. 
948 |a c:ce 
999 |a MARS 
999 f f |s 6b022368-31a2-3e1e-b599-838938927ba0  |i 7cce3738-ab33-3704-bab8-a2393a18a455  |t 0 
952 f f |p ric  |a Texas A&M University  |b Rellis Campus  |c Joint Library Facility  |d Remote Storage  |t 0  |e RC488.5 .W67 1999  |h Library of Congress classification  |i unmediated -- volume  |m A14825048892 
998 f f |a RC488.5 .W67 1999  |t 0  |l Remote Storage